Idārat al-afrād / (Record no. 50536)

MARC details
000 -LEADER
fixed length control field 00582cam a22002051 4500
001 - CONTROL NUMBER
control field ne 68002504
003 - CONTROL NUMBER IDENTIFIER
control field DLC
005 - DATE AND TIME OF LATEST TRANSACTION
control field 20260227111843.0
008 - FIXED-LENGTH DATA ELEMENTS--GENERAL INFORMATION
fixed length control field 930902s1965 ua a 000 0 arar
010 ## - LIBRARY OF CONGRESS CONTROL NUMBER
LC control number ne 68002504
035 ## - SYSTEM CONTROL NUMBER
System control number (OCoLC)28739469
040 ## - CATALOGING SOURCE
Original cataloging agency DLC
Transcribing agency CU
Modifying agency CU
-- DLC
042 ## - AUTHENTICATION CODE
Authentication code premarc
050 00 - LIBRARY OF CONGRESS CALL NUMBER
Classification number HF5549
Item number .H347
100 1# - MAIN ENTRY--PERSONAL NAME
Personal name Ḥasan, ʻĀdil.
245 10 - TITLE STATEMENT
Title Idārat al-afrād /
Statement of responsibility, etc. [taʼlīf] ʻĀdil Ḥasan.
260 ## - PUBLICATION, DISTRIBUTION, ETC.
Place of publication, distribution, etc. al-Iskandarīyah :
Name of publisher, distributor, etc. Dār al-Jāmiʻāt al-Miṣrīyah,
Date of publication, distribution, etc. 1965.
300 ## - PHYSICAL DESCRIPTION
Extent 660 p. :
Other physical details ill. ;
Dimensions 24 cm.
650 #0 - SUBJECT ADDED ENTRY--TOPICAL TERM
Topical term or geographic name entry element Personnel management.

No items available.

Powered by Koha